[Event "Florianopolis op-B"]
[Site "Florianopolis"]
[Date "2023.09.24"]
[Round "5"]
[White "Abdalla, Umar Mohammad"]
[Black "Silva, Maria Julia Barbier"]
[Result "1-0"]
[WhiteElo "1346"]
[BlackElo "1231"]
[PlyCount "45"]
[EventDate "2023.09.22"]
[EventType "swiss"]
[EventRounds "6"]
[EventCountry "BRA"]
[SourceTitle "CBM 216 Extra"]
[Source "ChessBase"]
[SourceDate "2023.11.30"]
[SourceVersion "1"]
[SourceVersionDate "2023.11.30"]
[SourceQuality "1"]

1. d4 e6 2. c4 c5 3. e3 Nf6 4. Nc3 Be7 5. Nf3 0-0 6. Bd3 cxd4 7. exd4 d5 8. b3 Qa5 9. Bd2 Bb4 10. Qc2 g6 11. 0-0 Nc6 12. a3 dxc4 13. bxc4 Bxc3 14. Bxc3 Qd8 15. Qb2 Nh5 16. Rfd1 Qc7 17. d5 exd5 18. cxd5 Nd8 19. Rac1 Qf4 20. Be5 Qa4 21. Bd6 Nf4 22. Bxf8 Bg4 23. Qg7# 1-0

[Event "BRA-ch U20 Girls"]
[Site "Concordia"]
[Date "2021.10.02"]
[Round "4"]
[White "Amaral, Emily Costa"]
[Black "Silva, Maria Julia Barbier"]
[Result "1-0"]
[WhiteElo "1329"]
[BlackElo "1220"]
[PlyCount "73"]
[EventDate "2021.09.30"]
[EventType "swiss"]
[EventRounds "6"]
[EventCountry "BRA"]
[SourceTitle "EXT 2023"]
[Source "ChessBase"]
[SourceDate "2022.10.05"]
[SourceVersion "1"]
[SourceVersionDate "2022.10.05"]
[SourceQuality "1"]

1. f4 Nc6 2. Nf3 d6 3. e3 a6 4. d4 Bg4 5. Be2 e5 6. fxe5 Bxf3 7. Bxf3 dxe5 8. 0-0 Nge7 9. c3 g6 10. Bd2 exd4 11. exd4 Rb8 12. Qe2 Bg7 13. Bxc6+ bxc6 14. Qxa6 0-0 15. b4 Bxd4+ 16. Kh1 Bb6 17. Qe2 Re8 18. Qf3 Nf5 19. Bf4 Be3 20. Bxe3 Rxe3 21. Qd1 Qh4 22. Kg1 Rbe8 23. Nd2 Re2 24. Nf3 Qg4 25. Rf2 Rxf2 26. Kxf2 Ne3 27. Qg1 Qf4 28. Re1 Nd1+ 29. Rxd1 Qe3+ 30. Kg3 Qe2 31. a4 Qc2 32. Qd4 Re2 33. Qd8+ Kg7 34. Qd4+ Kh6 35. Rd2 Qe4 36. Rxe2 Qxe2 37. Qd2+ 1-0

[Event "Concordia op 5th"]
[Site "Concordia"]
[Date "2019.05.03"]
[Round "6"]
[White "Silva, Maria Julia Barbier"]
[Black "Da Silva, Marcos Henrique"]
[Result "0-1"]
[WhiteElo "1253"]
[BlackElo "1421"]
[PlyCount "62"]
[EventDate "2019.05.01"]
[EventType "swiss"]
[EventRounds "9"]
[EventCountry "BRA"]
[SourceTitle "CBM 190 Extra"]
[Source "ChessBase"]
[SourceDate "2019.07.15"]
[SourceVersion "1"]
[SourceVersionDate "2019.07.15"]
[SourceQuality "1"]

1. Nf3 Nf6 2. g3 c5 3. d4 cxd4 4. e3 dxe3 5. Bxe3 Nc6 6. Bg2 e6 7. 0-0 Be7 8. Nbd2 Qc7 9. Nc4 d5 10. Bf4 Qd8 11. Nce5 0-0 12. Qd2 Ne4 13. Qe3 Nxe5 14. Bxe5 Bf6 15. Bf4 Bxb2 16. Rad1 b6 17. Ng5 Nxg5 18. Bxg5 Bf6 19. Bf4 Ba6 20. Rfe1 Rc8 21. Be5 Bxe5 22. Qxe5 Qc7 23. Rd4 Qxe5 24. Rxe5 Rxc2 25. Re1 Rxa2 26. Bf1 Bxf1 27. Rxf1 Rc8 28. Rdd1 Rcc2 29. Rc1 Rxc1 30. Rxc1 g6 31. Re1 b5 0-1

[Event "Concordia op 5th"]
[Site "Concordia"]
[Date "2019.05.02"]
[Round "4"]
[White "Silva, Maria Julia Barbier"]
[Black "Perutti, Rafael"]
[Result "0-1"]
[WhiteElo "1253"]
[BlackElo "1678"]
[PlyCount "74"]
[EventDate "2019.05.01"]
[EventType "swiss"]
[EventRounds "9"]
[EventCountry "BRA"]
[SourceTitle "CBM 190 Extra"]
[Source "ChessBase"]
[SourceDate "2019.07.15"]
[SourceVersion "1"]
[SourceVersionDate "2019.07.15"]
[SourceQuality "1"]

1. Nf3 Nf6 2. g3 d5 3. d4 e6 4. Bg2 c5 5. 0-0 Nc6 6. c3 Qb6 7. Bg5 Qxb2 8. Nbd2 Be7 9. Rb1 Qxc3 10. Qa4 c4 11. Ne5 0-0 12. Bxf6 Bxf6 13. Ndf3 Nxd4 14. Rfc1 Nxe2+ 15. Kh1 Nxc1 16. Nd7 Bxd7 17. Qxd7 Qc2 18. Qxb7 Qd1+ 19. Bf1 Qxf1+ 20. Ng1 Bd4 21. Rxc1 Qxc1 22. Kg2 Qb2 23. Qxb2 Bxb2 24. Nf3 c3 25. Nd4 Rfc8 26. Ne2 c2 27. Kh3 c1Q 28. Nxc1 Bxc1 29. a4 Rc2 30. Kg2 Be3 31. Kf3 Bxf2 32. a5 Rac8 33. Kg2 R8c3 34. Kf1 Ra2 35. Kg2 g5 36. g4 Bh4+ 37. Kf1 Rc1# 0-1